Normal view
MARC view
Entry Personal Name
001 - CONTROL NUMBER
- control field: 15555
003 - CONTROL NUMBER IDENTIFIER
- control field: OSt
005 - DATE AND TIME OF LATEST TRANSACTION
- control field: 20200127165556.0
008 - FIXED-LENGTH DATA ELEMENTS
- fixed length control field: 200127|| aca||aabn | a|a d
040 ## - CATALOGING SOURCE
- Original cataloging agency: OSt
- Transcribing agency: OSt
100 ## - HEADING--PERSONAL NAME
- Personal name: Nessel, S.
670 ## - SOURCE DATA FOUND
- Source citation: Work cat.: (OSt): Nessel, S., Consumer policy in 28 EU member states: An empirical assessment in four dimensions
